Wicked! musical songs - Statistics

General Stats
  • This quiz has been taken 78 times
  • The average score is 14 of 19
Answer Stats
song titles % Correct
Defying Gravity
97%
No One Mourns the Wicked
95%
Popular
92%
Dancing through life
89%
For Good
85%
The Wizard and I
85%
One short Day
80%
Something Bad
80%
What is this Feeling
80%
i'm Not that girl
79%
Dear old Shiz
77%
No Good Deed
70%
A Sentimental Man
69%
Thank Goodness
59%
wonderful
54%
Finale
51%
I'm Not that Girl reprise
51%
March of the Witchhunters
49%
As Long as Your Mine
39%
No matching quizzes found
Score Distribution
Percent of People with Each Score
Percentile by Number Answered
Your Score History
You have not taken this quiz